| 000 | 00407nam a2200145Ia 4500 | ||
|---|---|---|---|
| 008 | 220214s9999 xx 000 0 und d | ||
| 022 | _a0034-6438 | ||
| 245 | 0 | _aREVIEW OF PLANT PATHOLOGY | |
| 247 | _aReview of Applied Mycology | ||
| 260 |
_bCAB International, Wallingford, Oxon _aUK |
||
| 310 | _aM | ||
| 500 | _aEnding Volume & Year: 80, 2000 | ||
| 500 | _aStarting Volume & Year: 49, 1970 | ||
| 942 | _cBJ | ||
| 999 |
_c4408 _d4408 |
||